000 00591nam a2200205 a 4500
001 24187
003 CO-ViMGA
008 141112s2004 ck r 000 u spa d
020 _a9789586711340
040 _aCO-ViMGA
_bspa
_cCO-ViMGA
082 0 4 _a920 R376
100 1 _aSchimits, Mariana
_935243
245 1 0 _aRetomo la palabra /
_cMariana Schimits
260 _aColombia :
_bCerlac
300 _a317p.
650 1 4 _aGUERRILLERO - ANTOLOGIAS
_935244
650 1 4 _aGUERRILLERO - RELATOS PERSONALES
_935245
650 1 4 _aVIOLENCIA - COLOMBIA - RELATOS PERSONALES
_933576
942 _2ddc
_cBK
999 _c31548
_d31548